| 000 | 00661nam a22002417a 4500 | ||
|---|---|---|---|
| 005 | 20250729164433.0 | ||
| 008 | 160607b2016 xxu||||| |||| 00| 0 spa d | ||
| 020 | _a9789968481960 | ||
| 041 | _aESP | ||
| 082 | _a333.72 P772i | ||
| 100 |
_aPoltronieri Ovares, Francisco _911107 |
||
| 245 | _aImpacto ambiental y mitigación de daños | ||
| 260 |
_aCosta Rica _bEUNED _c2016 |
||
| 300 | _a448 páginas | ||
| 490 | _aTurismo | ||
| 650 | 0 | _aCOSTA RICA | |
| 650 | 0 | _aIMPACTO AMBIENTAL | |
| 650 | _aADMINISTRACIÓN DE PROYECTOS | ||
| 650 | _aDESASTRES NATURALES | ||
| 650 | 0 | _aDESARROLLO SOSTENIBLE | |
| 650 | _aCRECIMIENTO ECONÓMICO | ||
| 942 |
_cBK _2ddc |
||
| 999 |
_c8260 _d8260 |
||